[Event "8th Mayors Cup Open 2015"]
[Site "Mumbai IND"]
[Date "2015.06.05"]
[Round "5.8"]
[White "Paichadze, Luka"]
[Black "Kulkarni, Bhakti"]
[Result "1-0"]
[WhiteTitle "GM"]
[BlackTitle "CM"]
[WhiteElo "2558"]
[BlackElo "2256"]
[WhiteFideId "13602934"]
[BlackFideId "5019516"]
[EventDate "2015.06.02"]

1. e4 e5 2. Nc3 Nf6 3. f4 d5 4. fxe5 Nxe4 5. Nf3 Bc5 6. Qe2 Nxc3 7. dxc3 O-O 8.
Bf4 c6 9. O-O-O Bf5 10. g4 Be4 11. Bg2 Re8 12. Ng5 Bxg2 13. Qxg2 Nd7 14. Qh3 h6
15. Nf3 f6 16. exf6 Qxf6 17. Bd2 Ne5 18. Rhf1 Nxf3 19. Rxf3 Qe6 20. Rf5 Rf8 21.
c4 Rad8 22. Re1 Qd7 23. Bc3 Rxf5 24. gxf5 dxc4 25. Qf1 Qf7 26. a3 Bd4 27. Re4 c5
28. Rg4 Kh7 29. Qg2 Bxc3 30. bxc3 Rd7 31. f6 Qxf6 32. Qe4+ g6 33. Qxc4 b6 34. h4
Qf7 35. Qe4 Qf5 36. Qe2 h5 37. Re4 Qf6 38. Kb2 Kg7 39. Qe3 Rf7 40. Qe2 Qf1 41.
Qd2 Qb5+ 42. Ka2 Qd7 43. Qe2 Qd5+ 44. Kb2 Qd6 45. Re6 Qg3 46. Qe4 Kh6 47. Qa8
Qc7 48. Qh8+ Rh7 49. Qf6 Rg7 50. Re8 Kh7 51. Qf8 Kh6 52. Qh8+ Rh7 53. Qf6 Qg3
54. Rg8 1-0

[Event "8th Mayors Cup Open 2015"]
[Site "Mumbai IND"]
[Date "2015.06.05"]
[Round "5.9"]
[White "Dimakiling, Oliver"]
[Black "Debashis, Das"]
[Result "0-1"]
[WhiteTitle "IM"]
[BlackTitle "GM"]
[WhiteElo "2409"]
[BlackElo "2508"]
[WhiteFideId "5202248"]
[BlackFideId "5024854"]
[EventDate "2015.06.02"]

1. Nf3 Nf6 2. d4 e6 3. Bg5 h6 4. Bf4 c5 5. c3 Nc6 6. e3 Nh5 7. Bg3 Nxg3 8. hxg3
d5 9. Nbd2 Qb6 10. Qb1 Bd7 11. Bd3 Be7 12. a3 Qc7 13. b4 c4 14. Be2 b5 15. e4 a5
16. O-O O-O 17. Qc2 Ra7 18. exd5 exd5 19. Ne5 Nxe5 20. dxe5 Qxe5 21. Nf3 Qe4 22.
Qd2 axb4 23. axb4 Rxa1 24. Rxa1 Bf6 25. Ra7 Bf5 26. Nh4 Bxh4 27. gxh4 Re8 28.
Bf1 d4 29. cxd4 Qb1 30. Qf4 Re1 31. Kh2 Rxf1 32. Re7 Be6 0-1

[Event "8th Mayors Cup Open 2015"]
[Site "Mumbai IND"]
[Date "2015.06.05"]
[Round "5.10"]
[White "Vignesh, NR"]
[Black "Azaladze, Shota"]
[Result "1/2-1/2"]
[BlackTitle "IM"]
[WhiteElo "2399"]
[BlackElo "2499"]
[WhiteFideId "25012215"]
[BlackFideId "13603027"]
[EventDate "2015.06.02"]

1. d4 Nf6 2. Nf3 g6 3. g3 Bg7 4. Bg2 O-O 5. O-O d6 6. c4 c6 7. Nc3 Qa5 8. e4 Be6
9. d5 Bg4 10. Bd2 Nfd7 11. Qc2 Bxf3 12. Bxf3 Qc7 13. Rac1 a5 14. a3 Na6 15. Be2
Nac5 16. Be3 Rfe8 17. Rcd1 Qb6 18. Na4 Qb3 19. Qxb3 Nxb3 20. Bg4 Ne5 21. Be2 Nd7
22. Bg4 Ne5 1/2-1/2

[Event "8th Mayors Cup Open 2015"]
[Site "Mumbai IND"]
[Date "2015.06.05"]
[Round "5.11"]
[White "Sanjay, N."]
[Black "Deepan, Chakkravarthy J."]
[Result "0-1"]
[BlackTitle "GM"]
[WhiteElo "2310"]
[BlackElo "2497"]
[WhiteFideId "5003075"]
[BlackFideId "5011132"]
[EventDate "2015.06.02"]

1. Nf3 Nf6 2. c4 g6 3. Nc3 Bg7 4. e4 O-O 5. d4 d6 6. Be2 e5 7. O-O Nc6 8. d5 Ne7
9. b4 Nh5 10. Re1 f5 11. Ng5 Nf6 12. f3 Kh8 13. Be3 Bh6 14. f4 Nxe4 15. Ncxe4
fxe4 16. g4 Bxg5 17. fxg5 Nf5 18. gxf5 gxf5 19. Kh1 f4 20. Bf2 Qxg5 21. Rg1 Qh6
22. Bg4 e3 23. Be1 Bxg4 24. Qxg4 Rg8 25. Qe6 Rxg1+ 26. Kxg1 Qg5+ 27. Kf1 Rf8 28.
h3 f3 29. Qg4 Qxg4 30. hxg4 Rf4 31. Rc1 Rxg4 32. c5 Rg2 0-1

[Event "8th Mayors Cup Open 2015"]
[Site "Mumbai IND"]
[Date "2015.06.05"]
[Round "5.12"]
[White "Sangma, Rahul"]
[Black "Mohammad, Nubairshah Shaikh"]
[Result "0-1"]
[WhiteTitle "IM"]
[WhiteElo "2307"]
[BlackElo "2428"]
[WhiteFideId "5013615"]
[BlackFideId "5053196"]
[EventDate "2015.06.02"]

1. e4 c5 2. Nf3 e6 3. d4 cxd4 4. Nxd4 a6 5. Bd3 Nf6 6. O-O Qc7 7. Qe2 d6 8. c4
g6 9. Nc3 Bg7 10. Nf3 Nc6 11. Bd2 0-1

[Event "8th Mayors Cup Open 2015"]
[Site "Mumbai IND"]
[Date "2015.06.05"]
[Round "5.13"]
[White "Prasanna, Raghuram Rao"]
[Black "Praveen, Kumar C"]
[Result "1-0"]
[WhiteTitle "IM"]
[BlackTitle "IM"]
[WhiteElo "2424"]
[BlackElo "2235"]
[WhiteFideId "5022401"]
[BlackFideId "5007372"]
[EventDate "2015.06.02"]

1. Nf3 g6 2. d4 Bg7 3. g3 Nf6 4. Bg2 O-O 5. O-O c5 6. c4 cxd4 7. Nxd4 d6 8. Nc3
Nbd7 9. b3 a6 10. Bb2 Ne5 11. Rc1 Rb8 12. Qd2 Bd7 13. Rfd1 Qb6 14. h3 Rfc8 15.
e4 Qa7 16. Nd5 Nxd5 17. exd5 b5 18. cxb5 axb5 19. f4 Rxc1 20. Rxc1 g5 21. fxe5
dxe5 22. Qxg5 exd4 23. Rd1 d3+ 24. Kh2 f6 25. Qf4 Rc8 26. Rxd3 Qxa2 27. Qd2 f5
28. d6 e6 29. Bc3 Qxd2 30. Bxd2 Rc2 31. g4 e5 32. gxf5 Kf7 33. Kg3 Bf6 34. Be4
h5 35. h4 Rb2 36. Bg5 Re2 37. Bf3 1-0

[Event "8th Mayors Cup Open 2015"]
[Site "Mumbai IND"]
[Date "2015.06.05"]
[Round "5.14"]
[White "Praneeth, Surya K."]
[Black "Laxman, R.R."]
[Result "0-1"]
[WhiteTitle "FM"]
[BlackTitle "GM"]
[WhiteElo "2305"]
[BlackElo "2417"]
[WhiteFideId "5091411"]
[BlackFideId "5005361"]
[EventDate "2015.06.02"]

1. e4 e5 2. Nf3 Nc6 3. Bb5 a6 4. Ba4 Nf6 5. O-O b5 6. Bb3 Bc5 7. a4 Rb8 8. c3 d6
9. d4 Bb6 10. axb5 axb5 11. Na3 O-O 12. Nxb5 Bg4 13. Bc2 Bxf3 14. gxf3 Nh5 15.
f4 Nxf4 16. Bxf4 exf4 17. Qg4 Qf6 18. Ra6 Ne7 19. Na3 g6 20. Rd1 h5 21. Qf3 Kg7
22. Kh1 g5 23. Nc4 Qh6 24. e5 d5 25. Nxb6 Rxb6 26. Rxb6 cxb6 27. Ra1 g4 28. Qd3
f3 29. Qe3 Qxe3 30. fxe3 f6 31. Ra7 Kf7 32. Bb3 fxe5 33. Bxd5+ Kf6 34. dxe5+
Kxe5 35. Rxe7+ Kxd5 36. Kg1 Ra8 37. e4+ Kc4 38. Rh7 Kd3 39. Kf2 Ra2 40. Rd7+
Kxe4 41. Rd4+ Kf5 42. Rb4 Ra1 43. h4 Rh1 44. Rb5+ Ke4 45. Rxh5 Kf4 0-1

[Event "8th Mayors Cup Open 2015"]
[Site "Mumbai IND"]
[Date "2015.06.05"]
[Round "5.15"]
[White "Raghunandan, Kaumandur Srihari"]
[Black "Gagunashvili, Merab"]
[Result "1/2-1/2"]
[WhiteTitle "FM"]
[BlackTitle "GM"]
[WhiteElo "2293"]
[BlackElo "2600"]
[WhiteFideId "25004964"]
[BlackFideId "13601652"]
[EventDate "2015.06.02"]

1. d4 d6 2. Nf3 g6 3. c4 Bg7 4. Nc3 Bg4 5. e3 Nf6 6. Be2 O-O 7. O-O Re8 8. e4
Nc6 9. d5 Bxf3 10. Bxf3 Ne5 11. Be2 c6 12. Be3 a6 13. f4 Ned7 14. Kh1 Rc8 15.
Bf3 Nb6 16. Qb3 Nfd7 17. Bg4 Rb8 18. Rfd1 Qc7 19. Rac1 c5 20. Bf3 Nf8 21. Rc2
Nc8 22. a4 Na7 23. Qa3 Qa5 24. Na2 Nd7 25. Bg4 Nf6 26. Bf3 Nd7 27. Bg4 Nf6 1/2-1/2

[Event "8th Mayors Cup Open 2015"]
[Site "Mumbai IND"]
[Date "2015.06.05"]
[Round "5.16"]
[White "Semcesen, Daniel"]
[Black "Ashwath, R."]
[Result "1/2-1/2"]
[WhiteTitle "GM"]
[WhiteElo "2471"]
[BlackElo "2216"]
[WhiteFideId "1706993"]
[BlackFideId "5021049"]
[EventDate "2015.06.02"]

1. d4 Nf6 2. c4 e6 3. Nc3 Bb4 4. Qc2 O-O 5. e4 d5 6. e5 Ne4 7. a3 Bxc3+ 8. bxc3
c5 9. Bb2 cxd4 10. cxd4 Bd7 11. Ne2 Qa5+ 12. Nc3 Rc8 13. Bd3 Nc6 14. Bxe4 dxe4
15. Rd1 Ne7 16. Qe2 Ba4 17. Rd2 Bb3 18. c5 b6 19. Nxe4 Bd5 20. cxb6 Bxe4 21.
Qxe4 axb6 22. Qd3 b5 1/2-1/2

[Event "8th Mayors Cup Open 2015"]
[Site "Mumbai IND"]
[Date "2015.06.05"]
[Round "5.17"]
[White "Swayams, Mishra"]
[Black "Rohan, Ahuja"]
[Result "1/2-1/2"]
[WhiteTitle "IM"]
[WhiteElo "2439"]
[BlackElo "2218"]
[WhiteFideId "5028183"]
[BlackFideId "5090598"]
[EventDate "2015.06.02"]

1. d4 Nf6 2. c4 g6 3. Nc3 d5 4. e3 Bg7 5. Qb3 e6 6. Nf3 O-O 7. Bd2 b6 8. cxd5
exd5 9. Be2 Bb7 10. O-O Nbd7 11. Rfd1 c5 12. dxc5 Nxc5 13. Qa3 Qe7 14. Rac1 Rfd8
15. Be1 Nfe4 16. Nb5 a6 17. Nbd4 Rac8 18. Rc2 Nd6 19. Rdc1 Nc4 20. Bxc4 dxc4 21.
Rxc4 Bd5 22. R4c2 Qb7 23. Bb4 Ne6 24. Nxe6 fxe6 25. Ne1 a5 26. Rxc8 Rxc8 27.
Rxc8+ Qxc8 28. Bd2 Qd7 29. h3 Bxg2 30. Bxa5 Bb7 31. Bc3 Qd5 32. f3 Bf8 33. Qa4
b5 34. Qf4 Qf5 35. Qd4 Qxh3 36. Qh8+ Kf7 37. Qf6+ Ke8 38. Qe5 Bd5 39. Qb8+ Kf7
40. Qxb5 Bxf3 41. Qd7+ Be7 42. Bb4 Qg4+ 43. Kf2 Qxb4 44. Nxf3 Qxb2+ 45. Kg3 1/2-1/2

[Event "8th Mayors Cup Open 2015"]
[Site "Mumbai IND"]
[Date "2015.06.05"]
[Round "5.18"]
[White "Iniyan, P"]
[Black "Hossain, Enamul"]
[Result "1/2-1/2"]
[BlackTitle "GM"]
[WhiteElo "2171"]
[BlackElo "2423"]
[WhiteFideId "25002767"]
[BlackFideId "10200649"]
[EventDate "2015.06.02"]

1. d4 Nf6 2. c4 e6 3. Nc3 Bb4 4. Qc2 O-O 5. a3 Bxc3+ 6. Qxc3 d6 7. Bg5 Nbd7 8.
e3 c5 9. dxc5 Nxc5 10. Bxf6 Qxf6 11. Qxf6 gxf6 12. b4 Na4 13. Nf3 a5 14. Kd2 e5
15. Be2 Be6 16. Rhc1 axb4 17. axb4 Nb6 18. c5 Rxa1 19. Rxa1 dxc5 20. bxc5 Nd7
21. Rc1 Rc8 22. c6 Rxc6 23. Rxc6 bxc6 24. Kc3 Kf8 25. Bd3 h6 26. Nh4 Nc5 27. Bc2
Ke7 28. Nf5+ Bxf5 29. Bxf5 Kd6 30. Bb1 Kc7 31. f3 Nb7 32. Ba2 Nd6 33. g4 f5 34.
gxf5 Nxf5 35. Bxf7 Nxe3 36. Kd3 Ng2 37. Ke4 Kd6 38. Be8 c5 39. Bf7 Ke7 40. Bc4
Kf6 41. Kd5 Kf5 42. Kxc5 Kf4 43. Kd6 h5 44. Ke6 Nh4 45. Bd5 Nf5 46. Kf6 h4 47.
Bc6 Nd4 48. Bb7 Ne2 49. Bc6 Ng1 50. Bb7 Nh3 51. Bc6 Ng1 52. Bb7 Ne2 53. Bc6 Ng3
54. Bb5 Nf5 55. Bc6 Ne3 56. Kg6 Nc2 57. Kf6 Ne1 58. Bb7 Ng2 59. Bc6 Ne3 60. Kg6
Nc2 61. Kf6 Nd4 62. Bb7 h3 63. Bc8 Nxf3 64. Bxh3 e4 65. Bf5 e3 66. Bd3 Nxh2 67.
Ke6 Nf3 68. Ke7 Ke5 69. Kd8 Kd4 70. Bf1 Nd2 71. Be2 Ne4 72. Ke8 Kc3 73. Kf8 Ng3
74. Ba6 Kd2 75. Kg8 Ne2 76. Kh8 Nf4 77. Bf1 1/2-1/2

[Event "8th Mayors Cup Open 2015"]
[Site "Mumbai IND"]
[Date "2015.06.05"]
[Round "5.19"]
[White "Visakh, NR"]
[Black "Bartakke, Amardeep S."]
[Result "1-0"]
[WhiteElo "2375"]
[BlackElo "2153"]
[WhiteFideId "25012223"]
[BlackFideId "5003288"]
[EventDate "2015.06.02"]

1. d4 Nf6 2. c4 e6 3. Nf3 b6 4. g3 Bb4+ 5. Bd2 Be7 6. Bg2 Bb7 7. O-O c6 8. Qc2
d5 9. Rd1 O-O 10. b3 Nbd7 11. a4 Rc8 12. a5 c5 13. axb6 axb6 14. Ra7 Ba8 15.
cxd5 cxd4 16. Qb2 Bxd5 17. Nxd4 Bxg2 18. Kxg2 Rc7 19. Ra2 Nc5 20. f3 Qc8 21. b4
Ncd7 22. Nb5 Rb7 23. Rc1 Qb8 24. e4 Qe5 25. Nd4 Qh5 26. Qb3 Ne5 27. Bf4 Ng6 28.
Be3 Ne5 29. Bg1 g5 30. h3 Qg6 31. g4 Rd8 32. Qc3 Nxe4 33. Qe3 f5 34. gxf5 exf5
35. fxe4 f4 36. Qb3+ Kh8 37. Nf5 g4 38. Kh1 Qh5 39. Bd4 Bf6 40. h4 g3 41. Qe6
Bxh4 42. Nxh4 Rg7 43. Qxe5 Qxh4+ 44. Kg1 Rxd4 45. Qxd4 h6 46. Rc7 1-0

[Event "8th Mayors Cup Open 2015"]
[Site "Mumbai IND"]
[Date "2015.06.05"]
[Round "5.20"]
[White "Ivana Maria, Furtado"]
[Black "Kulkarni, Rakesh"]
[Result "1/2-1/2"]
[WhiteTitle "WIM"]
[WhiteElo "2212"]
[BlackElo "2353"]
[WhiteFideId "5048400"]
[BlackFideId "5037077"]
[EventDate "2015.06.02"]

1. Nf3 c5 2. c4 Nf6 3. Nc3 Nc6 4. d4 cxd4 5. Nxd4 d6 6. g3 g6 7. Bg2 Bd7 8. O-O
Bg7 9. b3 O-O 10. Bb2 Nxd4 11. Qxd4 Bc6 12. Nd5 Bxd5 13. Bxd5 Nh5 14. Qd2 Bxb2
15. Qxb2 Qc7 16. Rac1 Rab8 17. Qd2 b6 18. e3 Nf6 19. Rfd1 Rfd8 20. b4 Rbc8 21.
Bg2 Qd7 22. Qd3 Rc7 23. Rc2 Rdc8 24. Rdc1 Qe6 25. h3 a5 26. a3 Nd7 27. f4 axb4
28. axb4 b5 29. c5 dxc5 30. bxc5 b4 31. c6 Nb8 32. Qe4 Qxe4 33. Bxe4 b3 34. Rb2
Nxc6 35. Rxb3 Na5 36. Rxc7 Rxc7 37. Ra3 Rc1+ 38. Kf2 Nc4 39. Ra8+ Kg7 40. Rc8
Rc3 41. Kg1 f5 42. Bg2 Rc1+ 43. Bf1 Rxf1+ 1/2-1/2

[Event "8th Mayors Cup Open 2015"]
[Site "Mumbai IND"]
[Date "2015.06.05"]
[Round "6.2"]
[White "Smirnov, Pavel"]
[Black "Kravtsiv, Martyn"]
[Result "0-1"]
[WhiteTitle "GM"]
[BlackTitle "GM"]
[WhiteElo "2588"]
[BlackElo "2589"]
[WhiteFideId "4123425"]
[BlackFideId "14113147"]
[EventDate "2015.06.02"]

1. d4 Nf6 2. c4 e6 3. Nf3 d5 4. Nc3 Be7 5. Bf4 O-O 6. e3 Nbd7 7. Be2 dxc4 8. O-O
c5 9. dxc5 Nxc5 10. Bxc4 a6 11. Ne5 Qxd1 12. Rfxd1 Nfd7 13. Rac1 Nb6 14. Be2 f6
15. Nc4 Nxc4 16. Bxc4 b5 17. Nd5 Bd8 18. Be2 Na4 19. Bf3 Nxb2 20. Nb4 Be7 21.
Bxa8 Bxb4 22. Rf1 Nc4 23. e4 Kf7 24. Rfd1 Ke7 25. e5 fxe5 26. Bg5+ Kf7 27. Be4
h6 28. Bh4 g5 29. Bg3 Ke7 30. Bd3 Nb2 31. Rc7+ Kf6 32. Rdc1 Nxd3 33. R1c6 Rd8
34. Rxc8 Rd4 35. h3 h5 36. Re8 Be7 37. Rh8 h4 38. Rh6+ Kf5 39. Rhxe6 hxg3 40.
Rxe7 gxf2+ 41. Kf1 Rb4 42. Rf7+ Ke4 43. Rcf6 Rb1+ 44. Ke2 Re1+ 45. Kd2 Nf4 0-1

[Event "8th Mayors Cup Open 2015"]
[Site "Mumbai IND"]
[Date "2015.06.05"]
[Round "6.4"]
[White "Mohammad, Nubairshah Shaikh"]
[Black "Zubov, Alexander"]
[Result "1/2-1/2"]
[BlackTitle "GM"]
[WhiteElo "2428"]
[BlackElo "2612"]
[WhiteFideId "5053196"]
[BlackFideId "14109409"]
[EventDate "2015.06.02"]

1. d4 Nf6 2. c4 e6 3. Nc3 Bb4 4. Qc2 O-O 5. e4 d6 6. Bd3 Nc6 7. Ne2 Ba5 8. a3
Bb6 9. e5 Ng4 10. f3 Nh6 11. exd6 cxd6 12. Be3 e5 13. Nd5 Bxd4 14. Bxd4 Nxd4 15.
Bxh7+ Kh8 16. Nxd4 exd4 17. Be4 f5 18. Bd3 Re8+ 19. Kf2 Be6 20. Nf4 Bf7 21. g3
Rc8 22. Rhe1 Re5 23. Qa4 a5 24. Rad1 Qc7 25. b4 b6 26. h4 Kg8 27. bxa5 bxa5 28.
Nd5 Qd8 29. Rb1 Kh8 30. Nf4 Qc7 31. Re2 Rce8 32. Rbe1 Kg8 33. Nd5 Qc5 34. Nf4
Rb8 35. Qd7 Rxe2+ 36. Rxe2 Qxa3 37. Kg2 Qc5 38. Kh3 Ra8 39. Re7 a4 40. Qb7 Qc8
41. Qxc8+ Rxc8 42. Ra7 Bxc4 43. Rxa4 d5 44. Kg2 Rc6 45. Kf2 g6 46. Ra5 Kg7 47.
Ke2 Rb6 48. Bxc4 dxc4 49. Rc5 Rb2+ 50. Kd1 c3 51. Kc1 Rd2 52. Rc6 Nf7 53. Ne6+
Kh6 54. Rc8 g5 55. Rf8 gxh4 56. Rxf7 hxg3 57. Rf6+ Kh5 58. Rxf5+ Kh4 59. Nf4 g2
60. Nxg2+ Rxg2 61. Rf4+ Kg3 62. Rxd4 Kxf3 63. Rd3+ Ke4 64. Rxc3 1/2-1/2

[Event "8th Mayors Cup Open 2015"]
[Site "Mumbai IND"]
[Date "2015.06.05"]
[Round "6.6"]
[White "Deepan, Chakkravarthy J."]
[Black "Prasanna, Raghuram Rao"]
[Result "1/2-1/2"]
[WhiteTitle "GM"]
[BlackTitle "IM"]
[WhiteElo "2497"]
[BlackElo "2424"]
[WhiteFideId "5011132"]
[BlackFideId "5022401"]
[EventDate "2015.06.02"]

1. e4 e5 2. Nf3 Nc6 3. Bb5 a6 4. Ba4 Nf6 5. d3 b5 6. Bb3 Bc5 7. a4 Rb8 8. O-O d6
9. Be3 O-O 10. Nbd2 Bb6 11. h3 Be6 12. Bxb6 Rxb6 13. Bxe6 fxe6 14. c3 Nh5 15.
axb5 axb5 16. g3 Qf6 17. Nh2 Qh6 18. b4 d5 19. Ng4 Qg6 20. Nf3 dxe4 21. Nh4 Qf7
22. dxe4 Nf6 23. Nxf6+ Qxf6 24. Qe2 Ne7 25. Rad1 Nc8 26. Rd3 Nd6 27. Rf3 Qe7 28.
Rxf8+ Qxf8 29. Nf3 Nc4 30. Nd2 Nxd2 31. Qxd2 Rd6 32. Qe2 Qe8 33. Ra1 Qc6 34. Qh5
h6 35. Qxe5 Qc4 36. Kg2 Kh7 37. h4 Rd3 38. h5 Qxc3 39. Qxc3 Rxc3 40. e5 c5 41.
Ra5 cxb4 42. Rxb5 b3 43. Rb6 Rc5 44. f4 Rc2+ 45. Kf3 b2 46. Rb8 1/2-1/2

[Event "8th Mayors Cup Open 2015"]
[Site "Mumbai IND"]
[Date "2015.06.05"]
[Round "6.7"]
[White "Nitin, S."]
[Black "Priyadharshan, K."]
[Result "0-1"]
[WhiteTitle "IM"]
[BlackTitle "IM"]
[WhiteElo "2357"]
[BlackElo "2462"]
[WhiteFideId "5018277"]
[BlackFideId "5018293"]
[EventDate "2015.06.02"]

1. Nf3 Nf6 2. g3 c5 3. Bg2 g6 4. O-O Bg7 5. c4 Nc6 6. d4 cxd4 7. Nxd4 O-O 8. Nc3
Qa5 9. Nb3 Qh5 10. e4 d6 11. Qxh5 Nxh5 12. Nd5 Be6 13. c5 Rac8 14. Bg5 Rfe8 15.
Rab1 Bxd5 16. exd5 Ne5 17. f4 Nd3 18. Bh3 Rc7 19. cxd6 exd6 20. f5 h6 21. Bd2 g5
22. Bg2 Be5 23. Bc3 Bxc3 24. bxc3 Nf6 25. Nd4 Rd7 26. Rfd1 Nc5 27. Re1 Rxe1+ 28.
Rxe1 Kf8 29. Nb3 Rc7 30. Na5 Na4 31. c4 Nc5 32. Re3 Ng4 33. Ra3 a6 34. h3 Ne5
35. g4 Kg7 36. Re3 Kf6 37. Re1 Re7 38. Rb1 Ned3 39. Rb6 Ke5 40. Bf1 Nf4 41. Nb3
Nxb3 42. axb3 Rd7 43. Kf2 Kd4 44. b4 h5 45. h4 gxh4 46. Kf3 Ke5 47. gxh5 Nxh5
48. Kg4 Ng3 49. Bh3 Nxf5 50. c5 dxc5 51. bxc5 Rxd5 52. Kg5 Nd4 53. Rxb7 f6+ 54.
Kxh4 Kf4 55. Rb4 Rd8 56. Kh5 Ke5 57. Kg6 a5 58. Rb6 f5 59. Ra6 Ne6 60. Bxf5 Rg8+
61. Kf7 Rg7+ 62. Ke8 Kxf5 63. Rxa5 Kf6 0-1

[Event "8th Mayors Cup Open 2015"]
[Site "Mumbai IND"]
[Date "2015.06.05"]
[Round "6.8"]
[White "Laxman, R.R."]
[Black "Pantsulaia, Levan"]
[Result "1-0"]
[WhiteTitle "GM"]
[BlackTitle "GM"]
[WhiteElo "2417"]
[BlackElo "2616"]
[WhiteFideId "5005361"]
[BlackFideId "13602071"]
[EventDate "2015.06.02"]

1. d4 Nf6 2. Nf3 e6 3. c4 c5 4. e3 g6 5. Nc3 Bg7 6. Be2 O-O 7. O-O b6 8. e4 d6
9. Be3 Nc6 10. d5 exd5 11. cxd5 Ne7 12. h3 Ne8 13. Qd2 Nc7 14. Bh6 Bb7 15. Rfd1
Qd7 16. Bxg7 Kxg7 17. a4 f6 18. Nb5 Nxb5 19. axb5 g5 20. Qc3 h6 21. Nd2 Ng6 22.
Nf1 Nf4 23. Bc4 Qe8 24. Ng3 Bc8 25. b4 cxb4 26. Qxb4 Qe5 27. Bf1 Bd7 28. Rac1 h5
29. Rc6 Bxc6 30. Nf5+ Kh8 31. dxc6 d5 32. g3 dxe4 33. Ne7 Rf7 34. Rd7 Rg7 35. c7
Kh7 36. Nc6 Nd5 37. Qb3 Qe6 38. Rd8 Rc8 39. Nd4 Qe5 40. Rxc8 Nxc7 41. Qc4 g4 42.
Nc6 Qf5 43. Ne7 Rxe7 44. Rxc7 Qe5 45. Rxe7+ Qxe7 46. hxg4 hxg4 47. Qc8 e3 48.
Qf5+ Kh8 49. Qh5+ 1-0

[Event "8th Mayors Cup Open 2015"]
[Site "Mumbai IND"]
[Date "2015.06.05"]
[Round "6.9"]
[White "Aleksandrov, Aleksej"]
[Black "Raghunandan, Kaumandur Srihari"]
[Result "1-0"]
[WhiteTitle "GM"]
[BlackTitle "FM"]
[WhiteElo "2607"]
[BlackElo "2293"]
[WhiteFideId "13500139"]
[BlackFideId "25004964"]
[EventDate "2015.06.02"]

1. d4 d5 2. c4 c6 3. Nf3 Nf6 4. e3 e6 5. Bd3 Nbd7 6. O-O Bd6 7. a3 O-O 8. Nc3
dxc4 9. Bxc4 b5 10. Ba2 a5 11. Qc2 b4 12. Na4 1-0

[Event "8th Mayors Cup Open 2015"]
[Site "Mumbai IND"]
[Date "2015.06.05"]
[Round "6.10"]
[White "Azaladze, Shota"]
[Black "Sahoo, Utkal Ranjan"]
[Result "1-0"]
[WhiteTitle "IM"]
[WhiteElo "2499"]
[BlackElo "2271"]
[WhiteFideId "13603027"]
[BlackFideId "5034566"]
[EventDate "2015.06.02"]

1. Nf3 d5 2. g3 Nf6 3. Bg2 e6 4. O-O Be7 5. d3 O-O 6. Nbd2 c5 7. e4 Nc6 8. e5
Nd7 9. Re1 b5 10. Nf1 a5 11. h4 b4 12. h5 Bb7 13. N1h2 a4 14. a3 Qc7 15. Ng4
bxa3 16. bxa3 f5 17. exf6 Nxf6 18. Ng5 Nxg4 19. Nxe6 Qd7 20. Qxg4 Bf6 21. Rb1
Ne5 22. Rxe5 Bxe5 23. Rxb7 Qxb7 24. Nxf8 Kxf8 25. Qf5+ Bf6 26. Bxd5 Qb1 27. Qd7
Qxc1+ 28. Kg2 Be7 29. Qe6 Ke8 30. Qc6+ 1-0

[Event "8th Mayors Cup Open 2015"]
[Site "Mumbai IND"]
[Date "2015.06.05"]
[Round "6.11"]
[White "Puranik, Abhimanyu"]
[Black "Sivuk, Vitaly"]
[Result "1-0"]
[WhiteTitle "CM"]
[BlackTitle "GM"]
[WhiteElo "2307"]
[BlackElo "2491"]
[WhiteFideId "5061245"]
[BlackFideId "14116502"]
[EventDate "2015.06.02"]

1. e4 c5 2. Nf3 Nc6 3. d4 cxd4 4. Nxd4 Nf6 5. Nc3 d6 6. Bg5 e6 7. Qd2 a6 8.
O-O-O h6 9. Bh4 Nxe4 10. Qf4 Ng5 11. Nxc6 bxc6 12. Qa4 Qd7 13. f4 Nh7 14. f5 e5
15. Bc4 Ng5 16. Bg3 f6 17. h4 Nf7 18. Be6 Qb7 19. Rd3 Nd8 20. Nd5 Nxe6 21. fxe6
Bxe6 22. Rb3 Qd7 23. Nb6 Bxb3 24. axb3 Qb7 25. Nxa8 Qxa8 26. Qg4 Kf7 27. h5 Be7
28. Qg6+ Kf8 29. Bf2 Qe8 30. Qf5 Kf7 31. Be3 Rg8 32. g4 d5 33. Rf1 Qc8 34. Qg6+
Ke6 35. Bd2 Kd6 36. Rd1 Kc7 37. c4 Qe6 38. Kb1 Kb7 39. cxd5 cxd5 40. Rc1 e4 41.
Be3 Bd6 42. Qh7 Be7 43. Bf4 Rc8 44. Rxc8 Kxc8 45. Qxg7 e3 46. Bxh6 d4 47. Qg6
Kb7 48. Ka2 Bb4 49. Bf4 e2 50. Bg3 a5 51. h6 Bd6 52. Be1 a4 53. Qd3 f5 54. Qb5+
Kc8 55. h7 Qxb3+ 56. Qxb3 axb3+ 57. Kxb3 Be5 58. gxf5 Kd7 59. Kc4 Ke7 60. Kd3
Kf7 61. Kxe2 Kg7 62. Kd3 Kxh7 63. Bf2 Kh6 64. Bxd4 Bd6 65. Kc4 Kg5 66. f6 Kg6
67. Kd5 Bb4 68. Bc5 Bd2 69. Ke6 1-0

[Event "8th Mayors Cup Open 2015"]
[Site "Mumbai IND"]
[Date "2015.06.05"]
[Round "6.12"]
[White "Karthikeyan, P."]
[Black "Gokhale, Chandrashekhar"]
[Result "1-0"]
[WhiteTitle "IM"]
[BlackTitle "IM"]
[WhiteElo "2440"]
[BlackElo "2230"]
[WhiteFideId "5018226"]
[BlackFideId "5001315"]
[EventDate "2015.06.02"]

1. e4 e5 2. Nf3 d6 3. d4 exd4 4. Nxd4 Nf6 5. Nc3 Be7 6. Bf4 O-O 7. Qd2 a6 8.
O-O-O Re8 9. f3 Nc6 10. g4 Nxd4 11. Qxd4 Nd7 12. Qe3 Nf8 13. Kb1 Be6 14. Bg3 Bf6
15. h4 g6 16. Qd2 Bg7 17. g5 f6 18. Nd5 f5 19. exf5 Bxf5 20. h5 c6 21. Nf6+ Bxf6
22. gxf6 Qxf6 23. hxg6 Bxg6 24. Bxd6 Rad8 25. Bc4+ Bf7 26. Qb4 Bxc4 27. Qxc4+
Qe6 28. Qh4 Rd7 29. Qg3+ Ng6 30. Rde1 Qf7 31. Be5 Qf5 32. f4 Red8 33. a3 Rd5 34.
Reg1 R8d7 35. Bc3 c5 36. Qf3 Kf8 37. Qg2 Ke8 38. Re1+ Kf8 39. Qh2 b6 40. Qh6+
Kg8 41. Re8+ Kf7 42. Ree1 Kg8 43. Re8+ Kf7 44. Rb8 Rd1+ 45. Rxd1 Rxd1+ 46. Ka2
Qd5+ 47. b3 Rh1 48. Qg7+ Ke6 49. Qf6+ 1-0

[Event "8th Mayors Cup Open 2015"]
[Site "Mumbai IND"]
[Date "2015.06.05"]
[Round "6.13"]
[White "Deshpande, Aniruddha"]
[Black "Vignesh, NR"]
[Result "0-1"]
[WhiteElo "2252"]
[BlackElo "2399"]
[WhiteFideId "5021774"]
[BlackFideId "25012215"]
[EventDate "2015.06.02"]

1. e4 e5 2. Nf3 Nc6 3. Bb5 a6 4. Ba4 Nf6 5. O-O Be7 6. d3 b5 7. Bb3 d6 8. a3 O-O
9. Nc3 Bg4 10. Be3 Qd7 11. h3 Bh5 12. Nd5 Nd8 13. Nxe5 dxe5 14. Nxf6+ Bxf6 15.
Qxh5 Ne6 16. Bxe6 Qxe6 17. a4 Qc6 18. axb5 axb5 19. Qe2 Ra4 20. b3 Ra6 21. Rxa6
Qxa6 22. Qd2 Qc6 23. Ra1 Be7 24. Kf1 b4 25. Rc1 Qa6 26. c3 Rd8 27. Ke2 f5 28. f3
fxe4 29. fxe4 Qg6 30. Kf1 Qf7+ 31. Bf2 Rf8 32. Kg1 bxc3 33. Qa2 Bb4 34. d4 Qf4
35. Rd1 Qxe4 36. Re1 Qf5 37. Qe2 exd4 38. Bxd4 Qd5 39. Qg4 g6 40. Rc1 Qxb3 41.
Qe4 c5 42. Be3 Qf7 43. Bh6 Re8 44. Qc6 Qe6 45. Qb7 Qf7 46. Qc6 c4 47. Rf1 Qe6
48. Qb7 Bc5+ 49. Kh1 Bd4 50. Qb4 Bf6 51. Qb7 c2 52. Qb5 Rd8 53. Rxf6 Qxf6 54.
Qxc4+ Kh8 55. Qxc2 g5 56. Qc7 Rg8 0-1